| 000 | 00787nam a22002297a 4500 | ||
|---|---|---|---|
| 999 |
_c159670 _d159670 |
||
| 005 | 20181229110321.0 | ||
| 010 | _aENG-124609 | ||
| 020 |
_a9780199487837 _c1195.00 |
||
| 035 | _aEN-108141 | ||
| 037 | _bDBAD/PUB | ||
| 082 | _a305.50954 | ||
| 245 |
_aThe Empire of Disgust: _ced. by Zoya Hasan; Aziz Z. Huq; Martha C. Nussbaum [and] Vidhu Verma _bprejudice, discrimination, and policy in india and the US/ |
||
| 260 |
_aNew Delhi _bOxford University Press _c2018 |
||
| 270 |
_bNew Delhi _e110002 _a2/11 Ground Floor, Ansari Road, Daryaganj, |
||
| 300 |
_axxvi,408p. _c22cm.(Hb) |
||
| 500 | _aIt includes index | ||
| 700 | _aZoya Hasan | ||
| 700 | _aAziz Z. Huq | ||
| 700 | _aMartha C. Nussbaum | ||
| 700 | _a Verma,Vidhu | ||
| 942 |
_2ddc _cEN _h305.50954 _mEMP |
||